MARC

LEADER 00000nam0a2200000 4500
001 281333
005 20231101235407.0
020 |a RU  |b 86-78941 
035 |a (RuTPU)RU\TPU\book\305041 
090 |a 281333 
100 |a 20150121d1986 km y0rusy5003 ca 
101 0 |a rus 
102 |a RU 
105 |a y z 001zy 
200 1 |a Критерии и суждения в искусствознании  |e сборник статей  |f под ред. В. М. Полевого 
210 |a Москва  |c Советский художник  |d 1986 
215 |a 444 с. 
320 |a Библиогр. в примеч. в конце ст. 
606 1 |a Искусство  |x Теория  |x Философия  |2 stltpush  |3 (RuTPU)RU\TPU\subj\13189  |9 39840 
610 1 |a искусствоведение 
610 1 |a методология 
610 1 |a эстетический анализ 
610 1 |a социалистическое искусство 
610 1 |a художественный образ 
610 1 |a традиции 
610 1 |a народное искусство 
610 1 |a изобразительное искусство 
610 1 |a литературно-художественная критика 
675 |a 7.01  |z rus  |v 3 
702 1 |a Полевой  |b В. М.  |g Вадим Михайлович  |4 340 
801 0 |a RU  |b RuMRKP  |c 19950704  |g psbo 
801 1 |a RU  |b 63413507  |c 20150121 
801 2 |a RU  |b 63413507  |c 20170119  |g RCR 
942 |c BK